<?xml version="1.0" encoding="UTF-8"?>
<record
    xmlns:xsi="http://www.w3.org/2001/XMLSchema-instance"
    xsi:schemaLocation="http://www.loc.gov/MARC21/slim http://www.loc.gov/standards/marcxml/schema/MARC21slim.xsd"
    xmlns="http://www.loc.gov/MARC21/slim">

  <leader>00953    a2200217   4500</leader>
  <controlfield tag="008">111115t        mx||||| |||| 00| 0 spa d</controlfield>
  <datafield tag="020" ind1=" " ind2=" ">
    <subfield code="a">9683677266</subfield>
  </datafield>
  <datafield tag="050" ind1="0" ind2="4">
    <subfield code="a">HD6629 .P38</subfield>
    <subfield code="b">P36 2000</subfield>
  </datafield>
  <datafield tag="100" ind1="1" ind2=" ">
    <subfield code="a">Paniagua P&#xE9;rez, Jes&#xFA;s</subfield>
  </datafield>
  <datafield tag="245" ind1="1" ind2=" ">
    <subfield code="a">Los gremios de plateros y batihojas en la ciudad de Quito, siglo XVIII </subfield>
    <subfield code="c">/ Jes&#xFA;s Paniagua P&#xE9;rez, Gloria M. Garz&#xF3;n </subfield>
  </datafield>
  <datafield tag="260" ind1=" " ind2=" ">
    <subfield code="a">M&#xE9;xico : </subfield>
    <subfield code="b">UNAM, Instituto de Investigaciones Est&#xE9;ticas, </subfield>
    <subfield code="c">2000.</subfield>
  </datafield>
  <datafield tag="300" ind1=" " ind2=" ">
    <subfield code="a">266 p. : </subfield>
    <subfield code="b">il. ;</subfield>
    <subfield code="c">23 cm.</subfield>
  </datafield>
  <datafield tag="440" ind1=" " ind2="0">
    <subfield code="a">Monograf&#xED;as de arte ;</subfield>
    <subfield code="v">v. 26 </subfield>
  </datafield>
  <datafield tag="505" ind1=" " ind2=" ">
    <subfield code="a">Incluye bibliograf&#xED;a :  (p. 237-247) </subfield>
  </datafield>
  <datafield tag="650" ind1=" " ind2="7">
    <subfield code="2">LEMB</subfield>
    <subfield code="a">Gremios</subfield>
    <subfield code="x">Plateros</subfield>
    <subfield code="z">Quito </subfield>
    <subfield code="z">Ecuador </subfield>
    <subfield code="y">Siglo XVIII</subfield>
  </datafield>
  <datafield tag="650" ind1=" " ind2="7">
    <subfield code="2">LEMB</subfield>
    <subfield code="a">Plateria</subfield>
    <subfield code="x">Historia </subfield>
    <subfield code="z">Quito </subfield>
    <subfield code="z">Ecuador </subfield>
    <subfield code="y">Siglo XVIII</subfield>
  </datafield>
  <datafield tag="650" ind1=" " ind2="7">
    <subfield code="2">LEMB</subfield>
    <subfield code="a">Artesanos </subfield>
    <subfield code="x">Plateros </subfield>
    <subfield code="z">Quito </subfield>
    <subfield code="z">Ecuador </subfield>
    <subfield code="y">Siglo XVIII</subfield>
  </datafield>
  <datafield tag="700" ind1="1" ind2=" ">
    <subfield code="a">Garz&#xF3;n Montenegro, Gloria M. </subfield>
  </datafield>
  <datafield tag="710" ind1=" " ind2=" ">
    <subfield code="a">Universidad Auton&#xF3;ma de M&#xE9;xico</subfield>
    <subfield code="b">Instituto de Investigaciones Est&#xE9;ticas</subfield>
  </datafield>
  <datafield tag="942" ind1=" " ind2=" ">
    <subfield code="2">lcc</subfield>
    <subfield code="c">LIB</subfield>
  </datafield>
  <datafield tag="999" ind1=" " ind2=" ">
    <subfield code="c">27210</subfield>
    <subfield code="d">27210</subfield>
  </datafield>
  <datafield tag="952" ind1=" " ind2=" ">
    <subfield code="1">0</subfield>
    <subfield code="2">lcc</subfield>
    <subfield code="4">0</subfield>
    <subfield code="7">0</subfield>
    <subfield code="a">INV-033</subfield>
    <subfield code="b">INV-033</subfield>
    <subfield code="c">GENERAL</subfield>
    <subfield code="d">2011-11-15</subfield>
    <subfield code="o">HD6629 .P38 P36 2000</subfield>
    <subfield code="p">IIH000006351</subfield>
    <subfield code="r">2011-11-15 00:00:00</subfield>
    <subfield code="t">C: 1</subfield>
    <subfield code="y">LIB</subfield>
    <subfield code="z">GENERAL</subfield>
  </datafield>
</record>
